Powiaty województwa lubelskiego II RP z mapą - Statystyki

Ogólne statystyki
  • Ten quiz został rozwiązany 91 razy
  • Średni wynik to 14 z 20
Odpowiedzi na mapie
Odpowiedzi zakodowano w zielono-czerwonej skali na mapie do tego quizu, zgodnie z poniższymi procentami.
 
Statystyki odpowiedzi
Powiat % Poprawnych
miasto {Lublin}
100%
lubelski
95%
zamojski
94%
chełmski
89%
biłgorajski
81%
puławski
81%
bialski
78%
hrubieszowski
78%
włodawski
74%
janowski
69%
łukowski
69%
lubartowski
68%
siedlecki
68%
tomaszowski
68%
radzyński
66%
krasnostawski
61%
sokołowski
49%
garwoliński
48%
węgrowski
36%
konstantynowski
8%
Nie znaleziono quizów pasujących do podanych kryteriów
Rozkład punktacji
Procent ludzi z każdym wynikiem
Percentyl według liczby udzielonych odpowiedzi
Twoja historia wyników
Nie rozwiązałeś tego quizu